000
00265nam a2200097Ia 4500
001
643369
005
20250826153544.0
008
250824s9999 xx 000 0 und d
245
0
_a
MEŞHUR OLAN FAKİR ÇOCUKLAR YENİ
_c
RECEP ŞÜKRÜ APUHAN
260
_b
GENÇ TİMAŞ
999
_c
643369
_d
643369